MARC details
| 001 - CONTROL NUMBER |
| control field |
21210139 |
| 003 - CONTROL NUMBER IDENTIFIER |
| control field |
0000 |
| 005 - DATE AND TIME OF LATEST TRANSACTION |
| control field |
20251015101355.0 |
| 008 - FIXED-LENGTH DATA ELEMENTS--GENERAL INFORMATION |
| fixed length control field |
190918s2019 enk 000 0 eng |
| 010 ## - LIBRARY OF CONGRESS CONTROL NUMBER |
| LC control number |
2019040320 |
| 020 ## - INTERNATIONAL STANDARD BOOK NUMBER |
| International Standard Book Number |
9780367350789 |
| 020 ## - INTERNATIONAL STANDARD BOOK NUMBER |
| Cancelled/invalid ISBN |
9781000627480 |
| 035 ## - SYSTEM CONTROL NUMBER |
| System control number |
21210139 |
| 040 ## - CATALOGING SOURCE |
| Original cataloging agency |
DLC |
| Language of cataloging |
eng |
| Transcribing agency |
DLC |
| Description conventions |
rda |
| Modifying agency |
DLC |
| 042 ## - AUTHENTICATION CODE |
| Authentication code |
pcc |
| 043 ## - GEOGRAPHIC AREA CODE |
| Geographic area code |
e-uk-en |
| 050 00 - LIBRARY OF CONGRESS CALL NUMBER |
| Classification number |
HD 1387 .D32 |
| 082 00 - DEWEY DECIMAL CLASSIFICATION NUMBER |
| Classification number |
650.01/513 |
| Edition number |
23 |
| 110 ## - MAIN ENTRY--CORPORATE NAME |
| Corporate name or jurisdiction name as entry element |
University College of Estate Management |
| 245 00 - TITLE STATEMENT |
| Title |
Parry's valuation and investment tables : |
| Remainder of title |
a University College of Estate Management book. |
| 250 ## - EDITION STATEMENT |
| Edition statement |
Centenary edition. |
| 264 #1 - PUBLICATION, DISTRIBUTION, ETC. (IMPRINT) |
| Place of publication, distribution, etc |
London ; |
| -- |
New York, NY : |
| Name of publisher, distributor, etc |
Routledge, Taylor & Francis Group, |
| Date of publication, distribution, etc |
2020. |
| 300 ## - PHYSICAL DESCRIPTION |
| Extent |
xlii. 507 pages ; |
| Dimensions |
22 cm |
| 336 ## - CONTENT TYPE |
| Content type term |
text |
| Content type code |
txt |
| Source |
rdacontent |
| 337 ## - MEDIA TYPE |
| Media type term |
unmediated |
| Media type code |
n |
| Source |
rdamedia |
| 338 ## - CARRIER TYPE |
| Carrier type term |
volume |
| Carrier type code |
nc |
| Source |
rdacarrier |
| 520 ## - SUMMARY, ETC. |
| Summary, etc |
"In print for over 100 years, this invaluable research for property professionals and students is being re-editioned to celebrate the centenary year of the University College of Estate Management"-- |
| Assigning source |
Provided by publisher. |
| 650 #0 - SUBJECT ADDED ENTRY--TOPICAL TERM |
| Topical term or geographic name as entry element |
Real property |
| General subdivision |
Valuation |
| Geographic subdivision |
England. |
| 776 08 - ADDITIONAL PHYSICAL FORM ENTRY |
| Relationship information |
Online version: |
| Title |
Parry's valuation and investment tables |
| Edition |
Centenary edition. |
| Place, publisher, and date of publication |
Milton Park, Abingdon, Oxon ; New York, NY : Routledge, 2019. |
| International Standard Book Number |
9780429329562 |
| Record control number |
(DLC) 2019040321 |
| 906 ## - LOCAL DATA ELEMENT F, LDF (RLIN) |
| a |
7 |
| b |
cbc |
| c |
orignew |
| d |
1 |
| e |
ecip |
| f |
20 |
| g |
y-gencatlg |
| 942 ## - ADDED ENTRY ELEMENTS (KOHA) |
| Source of classification or shelving scheme |
Library of Congress Classification |
| Koha item type |
Books |